| 000 | 01569nam a2200337 i 4500 | ||
|---|---|---|---|
| 001 | 18148 | ||
| 003 | ES-MaACL | ||
| 005 | 20250823103856.0 | ||
| 007 | t| | ||
| 008 | 010927s1905 sp g |||| | spa d | ||
| 080 | _a821.134.2 Cervantes Saavedra, Miguel de 7.Quijote.06 (0:78) | ||
| 080 | _a681.81(460)"15" | ||
| 080 | _a78.034(4) | ||
| 100 | 1 |
_aRoda, Cecilio de, _d1865-1912 _9227158 |
|
| 245 | 1 | 4 |
_aLos instrumentos músicos y las danzas ; _bLas canciones : conferencias dadas en el Ateneo de Madrid los días 1 y 13 de mayo de 1905 con ocasión del Tercer Centenario de El Ingenioso Hidalgo Don Quijote de La Mancha / _cpor Cecilio de Roda. |
| 260 |
_aMadrid : _b[s.n.], _c1905 ( _fImp. y Lit. de Bernardo Rodríguez) |
||
| 300 |
_a47, [18] p. : _bmúsica ; _c24 cm. |
||
| 504 | _aReferencias bibliográficas. | ||
| 530 | _aDisponible en formato digital. | ||
| 594 | _aPrecede al tít.: Ilustraciones del Quijote. | ||
| 597 | _aLas últimas 18 p. son partituras. | ||
| 600 | 1 | 4 |
_aCervantes Saavedra, Miguel de, _d1547-1616. _tDon Quijote de la Mancha- _vAniversarios y centenarios _937614 |
| 610 | 2 | 4 |
_aAteneo de Madrid- _vConferencias- _y1900-1939 _91907 |
| 650 | 4 |
_aInstrumentos musicales- _zEspaña. _9157706 |
|
| 650 | 7 |
_aMúsica- _yS.XVI _2 _9157756 |
|
| 740 | 4 | 2 | _aLas canciones. |
| 852 | 4 |
_aES-MaACL _jL-4911 (18-4) _z- Donativo Roda |
|
| 852 | 4 |
_aES-MaACL _jT-1118-F-2 _z- Dedicatoria autógrafa del autor |
|
| 856 | 4 |
_uhttp://bdh-rd.bne.es/viewer.vm?id=0000191031&page=1 _zBiblioteca Digital Hispánica |
|
| 999 |
_c18148 _d18148 |
||